Kurz svetelnej techniky

Gespeichert in:
Bibliographische Detailangaben
Format: Buch
Sprache:Slowakisch
Veröffentlicht: Bratislava : TYPHOON, 2004
Schlagworte:
Tags: Tag hinzufügen
Keine Tags, Fügen Sie das erste Tag hinzu!

MARC

LEADER 00000nam a22000003a 4500
001 stu92726
005 20220321183556.7
008 050202s2004------------------------slo-d
040 |a STU  |b slo 
041 0 |a slo 
245 |a Kurz svetelnej techniky 
260 |a Bratislava :  |b TYPHOON,  |c 2004 
300 |a CD-ROM 
650 7 |a svetelná technika  |2 stusub 
996 |b ECD-603  |c E*CD-603  |l EE0102  |s P  |a 0  |w stu92726_0001